Statistics for In Which ppv UFC champion won the title

Click here to take the quiz!

General Stats

  • This quiz has been taken 26 times
  • The average score is 5 of 9

Answer Stats

HintAnswer% Correct
Michael BispingUFC 199
76%
Khabib NurmagomedovUFC 223
76%
Kamaru UsmanUFC 235
71%
Israel AdesanyaUFC 243
67%
Robbie LawlerUFC 181
52%
Brock LesnarUFC 91
52%
Frankie EdgarUFC 112
33%
Cain VelasquezUFC 121
29%
Anderson SilvaUFC 64
19%

Score Distribution

Percentile by Number Answered

Percent of People with Each Score

Your Score History

You have not taken this quiz